INDIRECT TAXES LAW AND PRACTICE (Record no. 9220)

MARC details
000 -LEADER
fixed length control field 00566nam a22001697a 4500
003 - CONTROL NUMBER IDENTIFIER
control field SGT
020 ## - INTERNATIONAL STANDARD BOOK NUMBER
International Standard Book Number 9789350716946
082 ## - DEWEY DECIMAL CLASSIFICATION NUMBER
Classification number 336,DAT
100 ## - MAIN ENTRY--PERSONAL NAME
Personal name DATEY,V.S
245 ## - TITLE STATEMENT
Title INDIRECT TAXES LAW AND PRACTICE
Remainder of title PART 1ST & PART 2ND
250 ## - EDITION STATEMENT
Edition statement 35TH
260 ## - PUBLICATION, DISTRIBUTION, ETC. (IMPRINT)
Place of publication, distribution, etc NEW DE,LHI
Name of publisher, distributor, etc TAXMAN
Year of Publication 2015
300 ## - PAGE DESCRIPTION
No. of Pages 414
650 ## - SUBJECT ADDED ENTRY--TOPICAL TERM
Topical term or geographic name as entry element PUBLIC FINANCE, TAX
653 ## - KEYWORDS--INDEX TERM
Keyword term LIABILITY OF CENTRAL EXCISE DUTY,MANUFACTURE AND PRODUCTION,CLASSIFICATION OF GOODS,TRANSACTION VALUE IN EXCISE,VALUATION RULES,OVERVIEW OF CENVAT, DEMANDS OF DUTY,CUSTOMS PROCEDURES
942 ## - ADDED ENTRY ELEMENTS (KOHA)
Source of classification or shelving scheme Dewey Decimal Classification
Koha item type FCM Books
942 ## - ADDED ENTRY ELEMENTS (KOHA)
-- 1
Holdings
Withdrawn status Lost status Source of classification or shelving scheme Damaged status Not for loan Collection code Home library Current library Shelving location Date acquired Vendor Name Cost, normal purchase price Volume Information (Serial or Books or Non-Book Material) SGTU Bill Number Total Checkouts Full call number Accession No. (Barcode) Date last seen Date last borrowed Bill Date Koha item type
    Dewey Decimal Classification     COMMERCE MANAGEMENT SGT Science & Social Sciences Library SGT Science & Social Sciences Library Text Book 24/06/2016 KRITI PRAKASHAN 845.00 1 SGTU 2705 10 336,DAT CM826 18/06/2025 09/06/2025 14/08/2015 FCM Books
    Dewey Decimal Classification     COMMERCE MANAGEMENT SGT Science & Social Sciences Library SGT Science & Social Sciences Library Text Book 24/06/2016 KRITI PRAKASHAN 845.00 1 SGTU 2705 9 336,DAT CM827 13/06/2024 10/06/2024 14/08/2015 FCM Books
    Dewey Decimal Classification     COMMERCE MANAGEMENT SGT Science & Social Sciences Library SGT Science & Social Sciences Library Text Book 24/06/2016 KRITI PRAKASHAN 845.00 2 SGTU 2705 9 336,DAT CM828 18/06/2025 09/06/2025 14/08/2015 FCM Books
    Dewey Decimal Classification   Not For Loan COMMERCE MANAGEMENT SGT Science & Social Sciences Library SGT Science & Social Sciences Library Reference Book 24/06/2016 KRITI PRAKASHAN 845.00 2 SGTU 2705 1 336,DAT CM829 23/02/2018 07/02/2018 14/08/2015 FCM Books
    Dewey Decimal Classification     COMMERCE MANAGEMENT SGT Science & Social Sciences Library SGT Science & Social Sciences Library Text Book 24/06/2016 KRITI PRAKASHAN 845.00 2 SGTU 2705 9 336,DAT CM830 29/07/2025 11/04/2025 14/08/2015 FCM Books
    Dewey Decimal Classification   Not For Loan COMMERCE MANAGEMENT SGT Science & Social Sciences Library SGT Science & Social Sciences Library Reference Book 05/07/2016 KIRTI PRAKASHAN 845.00 1 SGTU 2705 1 336,DAT CM825 10/12/2020 10/12/2020 14/08/2015 FCM Books